| 000 | 00669nam a2200265Ia 4500 | ||
|---|---|---|---|
| 005 | 20260121114445.0 | ||
| 008 | 008 260114s9999 xx 000 0 eng d | ||
| 020 | _a9789357467346 | ||
| 037 | _aEBOOK | ||
| 040 | _aCRL | ||
| 040 | _beng | ||
| 040 | _cCRL | ||
| 041 | _2eng | ||
| 041 | _aeng | ||
| 084 | _qCRL | ||
| 100 |
_aRobert E. Collin _9975357 |
||
| 245 | 0 | _aFoundations for Microwave Engineering, 2nd Edition | |
| 260 | _bWiley | ||
| 260 | _c2024 | ||
| 650 |
_aElectrical & Electronics Engineering _9975358 |
||
| 856 | _uhttps://ebooks.wileyindia.com/product-details/470747 | ||
| 942 | _cEBOOK | ||
| 999 |
_c1554293 _d1554293 |
||